Pays dans le monde de One Piece - Statistiques

Statistiques générales
  • Ce quiz a été pris 68 fois
    55 depuis la dernière actualisation
  • Le résultat moyen est 8 sur 30
Statistiques - réponses
Localisation Nom du pays % Correct
Grand Line (Paradis) Alabasta
98%
Grand Line (Nouveau Monde) Dressrosa
86%
Grand Line (Nouveau Monde) Wano Kuni
84%
Grand Line (Paradis) Royaume de Drum
73%
Grand Line (Nouveau Monde) Principauté de Mokomo
70%
Calm Belt Amazon Lily
59%
Mer Blanche Skypiea
55%
Grand Line (Nouveau Monde) Archipel Totto Land
52%
Red Line Ile des Hommes-Poissons
48%
Grand Line (Nouveau Monde) Elbaf
45%
Grand Line (Paradis) (anciennement) Royaume de Lulusia
43%
Grand Line (Nouveau Monde) Royaume de Prodence
23%
Grand Line (Paradis) Kedétrav
16%
South Blue Royaume de Sorbet
14%
Grand Line (Paradis) Baldimore
9%
North Blue (anciennement) Royaume de Flevance
9%
East Blue Royaume de Goah
7%
West Blue Pays des Fleurs
5%
West Blue Royaume de Ballywood
5%
North Blue (anciennement) Royaume de Luvneel
5%
Grand Line (Nouveau Monde) Royaume de Tontatta
5%
East Blue Royaume d'Oykot
5%
Grand Line (Paradis) Harahettania
2%
South Blue Royaume de Briss
2%
Grand Line (Nouveau Monde) Royaume de Doerena
2%
Grand Line (Nouveau Monde) Royaume de Majiatsuka
2%
Grand Line (Nouveau Monde) Royaume de Mogaro
2%
Grand Line (Nouveau Monde) Royaume de Rommel
2%
Grand Line (Paradis) Royaume de Tehna Gehna
2%
West Blue Royaume d'Ilisia
2%
Aucun quiz correspondant
Distribution des résultats
% des personnes avec chaque résultat
Percentile par nombre de réponses
Votre historique - résultats
Vous n’avez pas pris ce quiz depuis la dernière actualisation